000 00550nam a22001817a 4500
005 20251108172912.0
008 250721s2000 xx 000 0 ara d
082 1 4 _a302.2/ إصب
100 1 _aأبو أًصبع، صالح خليل
245 1 0 _aنصوص تراثية في ضوء علم الإتصال المعاصر /
264 1 _aعمان :
_bآرام للدراسات،
_c2000.
300 _a272 ص
650 1 7 _aالإعلام
650 1 7 _aالإتصال
650 1 7 _aالتراث الثقافي
942 _2ddc
_cBK
999 _c91367
_d91367